Katedra regionálnej ekonómie, geografie a ekonomiky životného prostredia Národohospodárskej fakulty Ekonomickej univerzity v Bratislave

Vývoj štúdia geografie na EU v Bratislave od r. 1940-1995. Náplň výučby hospodárskej geografie. Prestavba štúdia na EU v Bratislave. Pedagogickí pracovníci Katedry regionálnej ekonómie, geografie a ekonomiky životného prostredia. Medzinárodné aktivity sekcie geografie. Publikačná činnosť pracovníkov...

Description complète

Enregistré dans:
Détails bibliographiques
Auteur principal: Mocko, Zdenko
Format: Chapitre de livre
Langue:slovaque
Sujets:
Tags: Ajouter un tag
Pas de tags, Soyez le premier à ajouter un tag!

MARC

LEADER 00000naa a2200000 4500
001 r021616
005 20230809112217.4
041 0 |a slo 
044 |a SK 
245 1 0 |a Katedra regionálnej ekonómie, geografie a ekonomiky životného prostredia Národohospodárskej fakulty Ekonomickej univerzity v Bratislave  |c Zdenko Mocko 
520 |a Vývoj štúdia geografie na EU v Bratislave od r. 1940-1995. Náplň výučby hospodárskej geografie. Prestavba štúdia na EU v Bratislave. Pedagogickí pracovníci Katedry regionálnej ekonómie, geografie a ekonomiky životného prostredia. Medzinárodné aktivity sekcie geografie. Publikačná činnosť pracovníkov katedry - Z. Mocko, E. Mišunová, V. Vlčková. 
610 2 0 |a univerzity 
610 2 0 |a školy vysoké 
610 2 0 |a Ekonomická univerzita v Bratislave 
610 2 0 |a programy študijné 
610 2 0 |a štúdium vysokoškolské 
610 2 0 |a geografia 
610 2 0 |a geografia hospodárska 
610 2 0 |a história 
610 2 0 |a 1940-1995 
610 2 0 |a Mocko, Z. 
610 2 0 |a Mišunová, E. 
610 2 0 |a Vlčková, V. 
100 1 |a Mocko, Zdenko